000 00345nam a2200133 i 4500
001 bg
245 0 _aNowa metoda oznaczania emisji radiowych /
_ctł. z ang. i oprac Dorota Pitak.
260 _aGdynia,
_c1983.
700 1 _aPITAK, Dorota.
_eOprac.
040 _cBPK
041 _apol
942 _cKS
008 s pl f |000 0 pol
999 _c22129
_d22129
856 _uhttp://koha.tu.koszalin.pl/cgi-bin/koha/opac-detail.pl?biblionumber=22129
_yKatalog online BPK